000 00584nam a22001937a 4500
003 DO-SdBNP
005 20171130114520.0
008 171130b2uu xx 0| 0 spa d
040 _aDO-SdBNP
_bspa
_cDO-SdBNP
245 _aSerie Capitán truno :
_b[1-32 ]
246 _a
260 _a[s.l]
_bEl periódico,
_c[200?]
300 _3
_aCarpeta con varias paginaciones
_bils. ;
_c18 cm.
490 _aDan. serie Capitán Trueno
_v1/32
500 _a[El capitán Trueno en comic]
942 _2ddc
_cBK
945 _aInvetariado extranjero / 2017 VM
956 _aVMATEO
_b10
_c20171201
_dBPMSU
_f0069
999 _c13223
_d13223